Biblioteca ESET

Los fantasmas de Luxor (Registro nro. 1170)

Detalles MARC
000 -CABECERA
fixed length control field 01046nam a22002777a 4500
003 - CONTROL NUMBER IDENTIFIER
control field AR-BeUNQ
005 - FECHA Y HORA DE LA ULTIMA TRANSACCION
control field 20250217161808.0
008 - ELEMENTOS DE LONGITUD FIJA-INFORMACION GENERAL
fixed length control field 250217b20242025spaaaaadr6 || 000 f spadd
020 ## - NUMERO INTERNACIONAL NORMALIZADO PARA LIBROS
Número Internacional Normalizado del libro 9789878921617
040 ## - FUENTE DE CATALOGACION
Agencia de catalogación original AR-BeUNQ
Agencia que realiza la transcripción AR-BeUNQ
Convenciones de la descripción aacr
082 ## - NUMERO DE CLASIFICACION DECIMAL DEWEYMBER
Número de la edición 1ed.
Número de clasificación A863
100 01 - ASIENTO PRINCIPAL-NOMBRE PERSONAL
Nombre personal Colombo, Cristina
Títulos u otras palabras asociadas al nombre aut.
Fecha asociada al nombre 1960
245 01 - MENCION DE TITULO
Título Los fantasmas de Luxor
Mención de responsabilidad, etc Cristina Colombo
Medio físico libro
250 ## - MENCION DE EDICION
Mención de edición 1a.ed
260 ## - PUBLICACION, DISTRIBUCION, ETC.
Lugar de publicación, distribución, etc. Ciudad Autònoma de Buenos Aires :
Nombre del editor, distribuidor, etc. La Brujita de papel,
Fecha de publicación, distribución, etc 2023
300 ## - DESCRIPCION FISICA
Extensión 128 p. ;
Otros detalles físicos il. ;
Dimensiones 21 cm
490 ## - MENCION DE SERIE
Mención de serie Los Libros del Raton
500 ## - NOTA GENERAL
Nota general La llamada. Salve Luxor. Del amor y sus secretos. Por los oscuros vericuetos del Luxor. Enemigos declarados. El Viejo Stròmboli. Bajo la lupa.
505 ## - NOTA DE CONTENIDO
Información miscelánea Ilustraciones
Mención de responsabilidad Marìa Lavezzi
600 ## - ASIENTO SECUNDARIO DE MATERIA - NOMBRE PERSONAL
Nombre personal Lavezzi, Maria
Títulos y otras palabras asociadas con el nombre ilust.
Fechas asociadas con el nombre 1974
650 ## - ASIENTO SECUNDARIO DE MATERIA - TERMINO TEMATICO
Término temático o nombre geográfico como elemento de entrada Novela
Fuente del encabezamiento o términ tell
651 ## - ASIENTO SECUNDARIO DE MATERIA - NOMBRE GEOGRAFICO
Nombre geográfico Argentina
Fuente del encabezamiento o término unescot
700 ## - ASIENTO SECUNDARIO - NOMBRE DE PERSONA
Personal name Lavezzi, Maria
Dates associated with a name 1974
Relator term ilust.
929 ## - DATOS DE ADQUISICION
Procedencia DONACION
Proveedor Misniterio de Educaciòn de la Provincia de Buenos Aires
Orden de compra 0
Precio 0
Fecha de recibido 05/11/2024
Patrimonio UNQ PAT0082642
Número de inventario 62881
942 ## - ELEMENTOS DE PUNTO DE ACCESO ADICIONAL (KOHA)
Tipo de ítem Koha Libros
Existencias
Estado de retiro Estado de pérdida Ubicación permanente Ubicación actual Ubicación en estantería Fecha de ingreso Total Checkouts Signatura topográfica completa Inventario Date last seen Tipo de ítem Koha Operador
    Biblioteca ESET - UNQ Biblioteca ESET - UNQ CIRCULACION 05/12/2024   A863 COL 62881 17/02/2025 Libros Gladys Alarcon

ESET UNQ

☏ 4365-7188
 Avenida República de Francia 1714 entre Doctor Kenny y Concordia, Ezpeleta, Bs As.
✉ secretaria_eset@unq.edu.ar

Con tecnología Koha